000 00779nam a2200265Ia 4500
003 OSt
005 20220930204250.0
006 a|||||r|||| 00| 0
007 ta
008 220926b |||||||| |||| 00| 0 hin d
024 _a91103
037 _cDissertations
040 _aCRL
_cCRL
_bhin
041 _2hin
_ahin
100 _aAmit Anurag
_9566781
110 _aUniversity of Delhi. Faculty of Arts. Department of Hindi
245 0 _aSanshey mein samajik-sanskritik bodh
260 _c2007
300 _a111p
_ccm.
650 _aHINDI LITERATURE
_923866
700 _a Prof. Ajay Tiwari Gu.
_9538821
700 _aUniversity of Delhi. Faculty of Arts. Department of Hindi
942 _cDIS
_2CC
999 _c905809
_d905809